000 00339nam a22001457a 4500
003 OSt
008 220511b ||||| |||| 00| 0 eng d
020 _a9788131501955
100 _aUYEMURA,John P
245 _aChip Design for Submicron VLSI
250 _a10th
260 _aNew Delhi
_bCengage
_c2012
300 _a411
942 _2ddc
_cBK
999 _c11214
_d11214